Sports Quiz

Random Sports or NHL Quiz

Washington Capitals Top 5 Playoff Points by Season Quiz Stats

 Plays Quiz not verified by Sporcle

Challenge
Share
Tweet
Embed
Score 0/130 Timer 10:00
0 Plays Today
Hint Answer % Correct
2016Alex Ovechkin
99.3%
2015Alex Ovechkin
99.3%
2012Alex Ovechkin
99.3%
2011Alex Ovechkin
99.3%
2010Alex Ovechkin
99.3%
2009Alex Ovechkin
99.3%
2008Alex Ovechkin
99.3%
2016Nicklas Backstrom
98.9%
2015Nicklas Backstrom
98.9%
2013Nicklas Backstrom
98.9%
2012Nicklas Backstrom
98.9%
2010Nicklas Backstrom
98.9%
2009Nicklas Backstrom
98.9%
2008Nicklas Backstrom
98.9%
2013Mike Green
94.7%
2009Mike Green
94.7%
2008Mike Green
94.7%
2003Peter Bondra
91.9%
2000Peter Bondra
91.9%
1998Peter Bondra
91.9%
1996Peter Bondra
91.9%
1995Peter Bondra
91.9%
1993Peter Bondra
91.9%
1992Peter Bondra
91.9%
2011Alexander Semin
91.5%
2009Alexander Semin
91.5%
2008Alexander Semin
91.5%
2016John Carlson
85.9%
2012John Carlson
85.9%
2010John Carlson
85.9%
2015Evgeny Kuznetsov
85.2%
2000Adam Oates
84.9%
1998Adam Oates
84.9%
1996Dale Hunter
81%
1995Dale Hunter
81%
1993Dale Hunter
81%
1991Dale Hunter
81%
1988Dale Hunter
81%
1990Dale Hunter
81%
2016T.J. Oshie
80.3%
2003Jaromir Jagr
79.9%
1987Mike Gartner
79.6%
1986Mike Gartner
79.6%
1985Mike Gartner
79.6%
Hint Answer % Correct
1984Mike Gartner
79.6%
2011Marcus Johansson
77.5%
2001Calle Johansson
77.5%
2000Calle Johansson
77.5%
1991Calle Johansson
77.5%
2015Joel Ward
73.6%
2013Joel Ward
73.6%
2003Sergei Gonchar
73.2%
2001Sergei Gonchar
73.2%
1996Sergei Gonchar
73.2%
2016Justin Williams
72.2%
2012Brooks Laich
66.2%
2011Brooks Laich
66.2%
2008Brooks Laich
66.2%
1989Scott Stevens
64.4%
1988Scott Stevens
64.4%
1987Scott Stevens
64.4%
1986Scott Stevens
64.4%
1984Scott Stevens
64.4%
1990Scott Stevens
64.4%
1996Michal Pivonka
62.7%
1994Michal Pivonka
62.7%
1988Michal Pivonka
62.7%
1994Mike Ridley
62%
1993Mike Ridley
62%
1992Mike Ridley
62%
1991Mike Ridley
62%
1983Dennis Maruk
62%
2015Jason Chimera
61.3%
2013Jason Chimera
61.3%
2012Jason Chimera
61.3%
1998Joe Juneau
61.3%
1996Joe Juneau
61.3%
1995Joe Juneau
61.3%
1994Joe Juneau
61.3%
1992Dino Ciccarelli
58.5%
1991Dino Ciccarelli
58.5%
1989Dino Ciccarelli
58.5%
1990Dino Ciccarelli
58.5%
2009Sergei Fedorov
58.1%
2010Mike Knuble
56.7%
1992Kevin Hatcher
56.3%
1989Kevin Hatcher
56.3%
1988Kevin Hatcher
56.3%
Hint Answer % Correct
1993Al Iafrate
53.9%
1992Al Iafrate
53.9%
1994Kelly Miller
53.5%
1991Kelly Miller
53.5%
1987Kelly Miller
53.5%
1987Larry Murphy
51.4%
1985Larry Murphy
51.4%
1986Bob Carpenter
50.4%
1985Bob Carpenter
50.4%
2001Steve Konowalchuk
50%
1995Steve Konowalchuk
50%
2001Jeff Halpern
48.9%
2000Jeff Halpern
48.9%
2010Eric Fehr
45.4%
1987Dave Christian
45.4%
1986Dave Christian
45.4%
1984Dave Christian
45.4%
1990John Druce
45.4%
1989Bengt-Ake Gustafsson
44.7%
1988Bengt-Ake Gustafsson
44.7%
1985Bengt-Ake Gustafsson
44.7%
2003Dainius Zubrus
44.4%
2000Chris Simon
44%
1989Geoff Courtnall
44%
1990Geoff Courtnall
44%
1994Sylvain Cote
43.3%
1998Brian Bellows
42.3%
1993Dmitri Khristich
42.3%
2003Michael Nylander
40.8%
1995Keith Jones
39.8%
2013Mathieu Perreault
37%
1984Craig Laughlin
34.2%
2011Jason Arnott
27.1%
1983Gaetan Duchesne
26.1%
1998Andrei Nikolishin
25%
1986Alan Haworth
25%
1984Alan Haworth
25%
1983Brian Engblom
24.6%
1983Bobby Gould
23.2%
2001Trevor Linden
21.8%
1985Lou Franceschetti
20.1%
1983Glen Currie
17.6%

You're not logged in!

Compare scores with friends on all Sporcle quizzes.
OR
Log In

You Might Also Like...

Show Comments

Extras

Top Quizzes Today


Score Distribution

Your Account Isn't Verified!

In order to create a playlist on Sporcle, you need to verify the email address you used during registration. Go to your Sporcle Settings to finish the process.

Report this User

Report this user for behavior that violates our Community Guidelines.

Details: